| 000 | nam a22 7a 4500 | ||
|---|---|---|---|
| 999 |
_c30359 _d30359 |
||
| 008 | 190520b xxu||||| |||| 00| 0 eng d | ||
| 050 |
_aLC 191 _b.I78 1981 |
||
| 100 | _aIshumi, Abel G. M. | ||
| 245 |
_aCommunity education and development : _ba study in the problems of harnessing community education and development efforts among rural and peri-urban communities in Tanzania / _cAbel G. M. Ishumi |
||
| 260 |
_aNairobi : _bKenya Literature Bureau; _c1981. |
||
| 300 |
_a238p. : _bill. ; _c22cm. |
||
| 504 | _ainclude bibliographic references. | ||
| 650 | _aTanzania. | ||
| 650 | _aAdult education. | ||
| 650 | _aCommunity and school. | ||
| 650 | _aEducation, Rural. | ||
| 650 | _aLiteracy. | ||
| 942 |
_2lcc _cAFRICANA _hLC 191 .I78 1981 |
||